Japanese-English Chemical Dictionary (Record no. 2041)

MARC details
000 -LEADER
fixed length control field 00332nam a22001337a 4500
008 - FIXED-LENGTH DATA ELEMENTS--GENERAL INFORMATION
fixed length control field 250303b |||||||| |||| 00| 0 eng d
020 ## - INTERNATIONAL STANDARD BOOK NUMBER
ISBN 9783527312931
100 ## - MAIN ENTRY--AUTHOR
Author Gewehr Markus
245 ## - TITLE STATEMENT
Title Japanese-English Chemical Dictionary
260 ## - PUBLICATION, DISTRIBUTION, ETC. (IMPRINT)
Place of publication Weinheim
Name of publisher Wiley VCH
Date of publication 2008
300 ## - COLLATION
Pagination XVIII,662P
942 ## - ADDED ENTRY ELEMENTS (KOHA)
Item type Books
050 ## - LIBRARY OF CONGRESS CALL NUMBER
Classification number QD5
Item number J37
Holdings
Source of classification or shelving scheme Not for loan Permanent location Current location Date acquired Accession No. Full call number Barcode. Koha item type
Library of Congress Classification   Samuel Ogbemudia Main Library, University of Abuja Samuel Ogbemudia Main Library, University of Abuja 03/03/2025 2024/63685 QD5.J37 2025-0182 Books